| 000 | 00452nam a22001697a 4500 | ||
|---|---|---|---|
| 999 |
_c524086 _d524086 |
||
| 003 | NUST | ||
| 038 | _awaeem | ||
| 082 |
_a891.421 _bIJA |
||
| 100 |
_aIjaz Mahwar _914910 |
||
| 245 |
_aWagda Pani Tardy Patry / _cIjaz Mahwar |
||
| 260 |
_aGujranwala : _bFaroogh-e-Adab, _c1992. |
||
| 300 | _a96 p. ; | ||
| 500 | _aPaperback. | ||
| 880 |
_6100-02\r _aاعجاز محور |
||
| 880 |
_6245-02\r _aوگدا پانی تردے پترے / |
||
| 942 |
_2ddc _cBK |
||